Rural development administration in the 21st century: (Record no. 17061)

MARC details
000 -LEADER
fixed length control field 00848 aa a2200217 4500
008 - FIXED-LENGTH DATA ELEMENTS--GENERAL INFORMATION
fixed length control field 081020t xxu||||| |||| 00| 0 eng d
010 ## - LIBRARY OF CONGRESS CONTROL NUMBER
LC control number ENG-84094
020 ## - INTERNATIONAL STANDARD BOOK NUMBER
International Standard Book Number 8176298786
020 ## - INTERNATIONAL STANDARD BOOK NUMBER
Terms of availability 1280.00 (hb)
035 ## - SYSTEM CONTROL NUMBER
System control number EN-67627
082 ## - DEWEY DECIMAL CLASSIFICATION NUMBER
Classification number 352.000478
245 ## - TITLE STATEMENT
Title Rural development administration in the 21st century:
Remainder of title a multi-dimensional study /
Statement of responsibility, etc edited by Surat Singh and Mohinder Singh
260 ## - PUBLICATION, DISTRIBUTION, ETC. (IMPRINT)
Place of publication, distribution, etc New Delhi
Name of publisher, distributor, etc Deep and Deep Publications
260 ## - PUBLICATION, DISTRIBUTION, ETC. (IMPRINT)
Date of publication, distribution, etc 2006
300 ## - PHYSICAL DESCRIPTION
Extent xxx,439p
Dimensions 24cm
500 ## - GENERAL NOTE
General note Includes bibliographical references and index
700 ## - ADDED ENTRY--PERSONAL NAME
Personal name Mohinder Singh
Titles and other words associated with a name ed
700 ## - ADDED ENTRY--PERSONAL NAME
Personal name Surat Singh
Titles and other words associated with a name ed
942 ## - ADDED ENTRY ELEMENTS (KOHA)
Source of classification or shelving scheme Dewey Decimal Classification
Koha item type English Books
Classification part 352.000478
Call number suffix RUR
Holdings
Withdrawn status Lost status Source of classification or shelving scheme Damaged status Not for loan Home library Current library Date acquired Cost, normal purchase price Total Checkouts Full call number Barcode Date last seen Copy number Cost, replacement price Price effective from Koha item type
    Dewey Decimal Classification   Not For Loan D.B.Act.Division D.B.Act.Division 26/02/2007 1280.00   352.000478 RUR EN-67627 21/10/2008 1 1280.00 21/10/2008 English Books

© Delhi Public Library
Hit Counter
free hit counter